01406nam a22001457a 4500999001900000008004100019100005300060245010400113260001900217300003600236520085100272773001901123942000701142952011101149 c532936d532936260402b ||||| |||| 00| 0 eng d aKalsi, Singh Nairmaljeet and Kiran, Ravi 959949 aAnalysing the challenges, barriers and risks of e-governance for efficient and effective governance aProductivity  a66(3), Oct-Dec, 2025: p.234-242 aInformation & Communication Technologies (ICTs) make a difference in the way citizens can realise these services. Therefore, it is essential to examine the elements contributing to the suffering and harassment of residents, enabling effective intervention and enhancing government services. This study employs a participatory stakeholder analysis to examine these aspects. An effort is made to rank these based on mean scores after using factor analysis for factor reduction. The researchers attempt to examine the average scores of academicians and policymakers to ascertain any differences in opinion between the two groups about pain and harassment elements. The purpose of this paper is to expand upon previous research on the topic of e-governance obstacles so that potential solutions can be considered for efficient governance.-Reproduced  aProductivity  cAR 00102ddc40709408111aIIPAbIIPAd2026-04-02h66(3), Oct-Dec, 2025: p.234-242pAR138451r2026-04-02yAR